| 000 | 00944cam a2200313 a 4500 | ||
|---|---|---|---|
| 001 | 6349059 | ||
| 003 | ARRUPE | ||
| 005 | 20150225130356.0 | ||
| 008 | 070815s2007 rh a b 000 0 eng | ||
| 010 | _a 2007381013 | ||
| 020 | _a1779200250 | ||
| 020 | _a9781779200259 | ||
| 035 | _a(OCoLC)ocn167571103 | ||
| 035 | _a(OCoLC)167571103 | ||
| 035 | _a(NNC)6349059 | ||
| 040 |
_aDLC _cDLC |
||
| 042 | _alcode | ||
| 043 | _af-rh--- | ||
| 050 | 0 | 0 |
_aLB1727.Z55 _bC467 2007 |
| 100 | 1 |
_aChiromo, Alois S. _915529 |
|
| 245 | 1 | 2 |
_aA history of teacher education in Zimbabwe, 1939-1999 / _cAlois S. Chiromo. |
| 260 |
_aHarare : _bUniversity of Zimbabwe Publications, _cc2007. |
||
| 300 |
_axi, 74 p. : _bill. ; _c21 cm. |
||
| 504 | _aIncludes bibliographical references. | ||
| 650 | 0 |
_aTeachers _xTraining of _zZimbabwe _xHistory _y20th century. _915530 |
|
| 942 |
_2lcc _cMONOGRAPH |
||
| 948 | 1 |
_a20071205 _bc _cvt2130 _dMPS |
|
| 999 |
_c122192 _d122192 |
||